000 01351nam a2200253Ii 4500
003 JO-AjNU
005 20240623125256.0
008 230605s9999||||xx |||||||||||||| ||und||
040 _aJO-AjNU
_bara
_erda
_cJO-AjNU
041 _aara
050 _aHG4028.
_bD5.R393 2022
100 1 _aالرياطي، دعاء ابراهيم
_964739
_eمعد
245 0 _aالعوامل المؤثرة على الأرباح المحتجزة في الشركات المساهمة العامة الصناعية الأردنية = Factors Affecting Retained Earning of Jordanian Industrial Corporations /
_cإعداد دعاء إبراهيم الرياطي ؛ إشراف تركي راجي الحمود
260 _c2022
300 _a87 ورقة
336 _atext
_btxt
_2rdacontent
337 _aunmediated
_bn
_2rdamedia
338 _avolume
_bnc
_2rdacarrier
500 _aرسالة جامعية ماجستير جامعة اليرموك (إربد، الأردن)، كلية الاقتصاد والعلوم الإدارية، قسم المحاسبة، 2022.
504 _aتحتوي على مراجع باللغتين العربية والانجليزية
650 4 0 _aالشركات الصناعية-ادارة الارباح-الاسهم-محاسبة-الاردن.
_964740
700 1 _aالحمود، تركي راجي
_964635
_eمشرف
942 _2lcc
_cTHS
999 _c33045
_d33045